Linearity, Calligraphy and Syntax in the Rongorongo script

Bibliographic Details
Main Author: Melka, Tomi S. (Author)
Format: Article
Language:Slovak
English
PhysicalDescription:Fotogr., obr.
ISSN:1337-7892
Subjects:

MARC

LEADER 00000nab a2200000 ar4500
001 vtls010197136
003 SK-MaSNL
005 20260304162735.0
008 250507c2009 xo ||||||||||||00 b|slo
015 |a SNBRB2010/12  |2 snkbucl 
035 |a (uuid)36a480e0-b7f2-46c5-af9f-1c37d0a7a6fe 
035 |a urn:nbn:sk:snk-ab17f4 
035 |a (urnnbn)urn:nbn:sk:snk:ar-a06dtf 
038 |a SNKBUC 
040 |a SNKBUCL  |b slo  |c SNKBUCL  |e AACR2 
041 0 |a eng 
044 |a xo  |c SK 
080 |a 003.21  |2 2001 
080 |a 81`32  |2 2001 
080 |a 81`367  |2 2001 
100 1 |a Melka, Tomi S.  |4 aut  |9 1488601 
245 1 0 |a Linearity, Calligraphy and Syntax in the Rongorongo script  |c Tomi S. Melka 
300 |b Fotogr., obr. 
504 |a Bibliogr. odkazy v poznámkach 
504 |a Literatúra 
546 |a Abstrakt angl. 
650 0 7 |a obrázkové písmo  |2 snkbucl  |9 49735 
650 0 7 |a rongorongo  |2 snkbucl  |9 1488602 
650 0 7 |a Linearita  |2 snkbucl  |9 1488732 
650 0 7 |a matematická lingvistika  |2 snkbucl  |9 1884 
650 0 7 |a syntax  |2 snkbucl  |9 1352 
655 7 |a štúdie  |2 snkbucl  |9 57033 
773 0 |t Glottotheory  |g Vol. 2, no. 2 (2009), pp. 70-96  |x 1337-7892 
850 |a Slovenská národná knižnica 
852 |a Slovenská národná knižnica 
958 |a article27 
958 |a NB 
958 |a OND 
958 |a EUIPO 
999 |c 2975439  |d 2977369